000
00268nam a2200109Ia 4500
001
1272982
005
20260417151438.0
008
260417s9999 xx 000 0 und d
020
_a
9786059493840
245
0
_a
Uyurgezer Ayı
_c
Joan Aiken
260
_b
Tudem Yayınları
999
_c
1272982
_d
1272982